000 00463nam a2200193Ia 4500
005 20250423095736.0
008 250422s9999 xx 000 0 und d
020 _a9789385676079
050 _aHG 8051 .M57/
100 _aMishra, M. N.
245 0 _aInsurance principles and practice
250 _a22nd ed.
260 _aNew Delhi, India
260 _bS.Chand & Company Ltd.
260 _c2021
300 _a393 p
650 _aInsurance.
942 _cBK
999 _c31196
_d31196